| 000 | 00436nam a2200157 i 4500 | ||
|---|---|---|---|
| 001 | 37186 | ||
| 003 | ES-MaACL | ||
| 005 | 20230906155524.0 | ||
| 007 | t| | ||
| 008 | 030220s1915 mx ||||1| spa d | ||
| 100 | 1 |
_aBustamante, Luis F. _932872 |
|
| 245 | 1 | 3 |
_aLa defensa de El Ebano _b: los libertarios / _cLuis F. Bustamante. |
| 260 |
_aTampico (México) : _bTampa, _c1915. |
||
| 300 |
_a25 p. ; _c28 cm. |
||
| 852 |
_aES-MaACL _jF-1504 |
||
| 999 |
_c37186 _d37186 |
||